Book

Capitalismo contra capitalismo

Saved in:
Bibliographic Details
Main Author: Albert, Michel
Format: Book
Language:Spanish
Published: Buenos Aires : Paidós, 1993
Subjects:

MARC

LEADER 00000nam#a2200000#a#4500
001 010833
003 AR-BeUNQ
005 20260311113903.0
008 950921s1993####ag##################spa#d
999 |c 13249  |d 88636 
020 |a 9501254119 
040 |a AR-beUNQ  |e aacr 
099 |a 05-A9 
100 1 |a Albert, Michel 
245 0 0 |a Capitalismo contra capitalismo  |c Michel Albert. 
260 |a Buenos Aires :  |b Paidós,  |c 1993 
300 |a 253 p 
594 |b DIPLOMATURA EN ECONOMIA Y ADMINISTRACION  |c ESTRUCTURA ECONOMICA Y MUNDIAL ARGENTINA 
650 7 |a CAPITALISMO  |2 Spines 
650 7 |a TEORIAS ECONOMICAS  |2 Spines 
650 7 |a FINANZAS PUBLICAS  |2 Spines 
650 7 |a ECONOMIA DE MERCADO  |2 Spines 
650 7 |a SISTEMAS ECONOMICOS  |2 Spines 
651 7 |a EUROPA  |2 Spines 
929 |a COMPRA  |b Paidós  |c Exp. 827-0567/95  |d 12,60  |e 19950921  |j 12901 
929 |a COMPRA  |b Paidós  |c Exp. 827-0567/95  |d 12,60  |e 19950921  |j 12902 
929 |a COMPRA  |b Prometeo  |c Exp. 827-0464/96  |d 14,00  |e 19960820  |j 18611 
942 |c LIB  |n 0